000 00548nam a2200169Ia 4500
003 GCL
008 140319s9999 xx 000 0 ara d
040 _aGCL /
_cGCL
082 0 4 _a371.302814
_bاا
100 1 _aاحمد ابراهيم احمد
245 1 0 _aالادارة التربوية والاشراف الفنى بين النظرية والتطبيق /
_cاحمد ابراهيم احمد
260 _a[S.N] :
_bدار الفكر العربى ،
_c1990
300 _a307 ص
490 _a
650 0 4 _aالتربية
942 _2ddc
_cBK
999 _c48906
_d48906